[Event "Titled Tuesday intern op 03rd Aug"]
[Site "Chess.com INT"]
[Date "2021.08.03"]
[Round "6"]
[White "Khnykin, Nikolay"]
[Black "Grineva, Marianna"]
[Result "0-1"]
[WhiteElo "2309"]
[BlackElo "1976"]
[PlyCount "34"]
[EventDate "2021.08.03"]
[EventType "swiss (blitz)"]
[EventRounds "11"]
[EventCountry "USA"]
[SourceTitle "CBM 203 Extra"]
[Source "ChessBase"]
[SourceDate "2021.09.30"]
[SourceVersion "1"]
[SourceVersionDate "2021.09.30"]
[SourceQuality "1"]

1. e4 d6 2. d4 c6 3. Nf3 Nd7 4. Nc3 g6 5. Bd3 Bg7 6. 0-0 e5 7. d5 Ne7 8. dxc6 bxc6 9. Bc4 Nf6 10. Bg5 0-0 11. Qd2 Qc7 12. Rfd1 Rd8 13. h3 Bb7 14. Qe3 d5 15. exd5 cxd5 16. Nb5 Qxc4 17. Qxe5 Nc6 0-1

[Event "Titled Tuesday intern op 03rd Aug"]
[Site "Chess.com INT"]
[Date "2021.08.03"]
[Round "9"]
[White "Khnykin, Nikolay"]
[Black "Simonovic, Miroslav"]
[Result "1-0"]
[WhiteElo "2309"]
[BlackElo "2115"]
[PlyCount "101"]
[EventDate "2021.08.03"]
[EventType "swiss (blitz)"]
[EventRounds "11"]
[EventCountry "USA"]
[SourceTitle "CBM 203 Extra"]
[Source "ChessBase"]
[SourceDate "2021.09.30"]
[SourceVersion "1"]
[SourceVersionDate "2021.09.30"]
[SourceQuality "1"]

1. e4 c5 2. d4 cxd4 3. c3 dxc3 4. Nxc3 Nc6 5. Bc4 d6 6. Nf3 e6 7. 0-0 Nf6 8. Qe2 Be7 9. Bf4 Qa5 10. Rfd1 0-0 11. Bxd6 Bxd6 12. Rxd6 Ne5 13. Nxe5 Qxe5 14. Rad1 a6 15. Rd8 b5 16. Bb3 Bb7 17. R8d4 Rfe8 18. f3 Qc5 19. Qf2 Rac8 20. g4 h6 21. h4 Bc6 22. Rd6 Qxf2+ 23. Kxf2 Kf8 24. g5 hxg5 25. hxg5 Ng8 26. g6 Ke7 27. gxf7 Kxf7 28. Ne2 Bb7 29. Nf4 Rc6 30. Rxc6 Bxc6 31. Rd6 Bb7 32. Bxe6+ Ke7 33. Rd7+ Kf6 34. Bxg8 Bxe4 35. fxe4 Rxg8 36. Ke3 Rc8 37. Rd6+ Ke7 38. Rxa6 Rc2 39. Kd4 Rxb2 40. Ke5 b4 41. Ra7+ Kf8 42. Nd5 b3 43. Ke6 Kg8 44. Nf4 bxa2 45. e5 Rb6+ 46. Kf5 Rb2 47. Ra8+ Kh7 48. e6 Rf2 49. e7 g6+ 50. Kg5 Rf1 51. e8Q 1-0

[Event "Titled Tuesday intern op 03rd Aug"]
[Site "Chess.com INT"]
[Date "2021.08.03"]
[Round "4"]
[White "Koridze, Lile"]
[Black "Khnykin, Nikolay"]
[Result "1-0"]
[WhiteElo "2016"]
[BlackElo "2309"]
[PlyCount "91"]
[EventDate "2021.08.03"]
[EventType "swiss (blitz)"]
[EventRounds "11"]
[EventCountry "USA"]
[SourceTitle "CBM 203 Extra"]
[Source "ChessBase"]
[SourceDate "2021.09.30"]
[SourceVersion "1"]
[SourceVersionDate "2021.09.30"]
[SourceQuality "1"]

1. d4 f5 2. c4 Nf6 3. g3 g6 4. Bg2 Bg7 5. Nh3 0-0 6. 0-0 d6 7. d5 c6 8. Nc3 cxd5 9. cxd5 Nbd7 10. Nf4 Nb6 11. Qd3 a6 12. Be3 Qc7 13. Rac1 Qd8 14. b3 Bd7 15. Bd4 Ne8 16. Bxg7 Nxg7 17. e4 g5 18. Nfe2 f4 19. Nd4 Qe8 20. Kh1 Qh5 21. Kg1 Rf6 22. h3 Bxh3 23. g4 Bxg4 24. f3 Bd7 25. Kf2 Qh4+ 26. Ke2 Nh5 27. Kd2 Ng3 28. Rg1 Qh2 29. Kc2 Bh3 30. Kb1 Bxg2 31. Qc2 Qh6 32. Rxg2 Qg7 33. Ne6 Rxe6 34. dxe6 Rc8 35. Qb2 Qe5 36. Nd5 Rxc1+ 37. Kxc1 Nxd5 38. Qxe5 dxe5 39. exd5 Kf8 40. Rc2 Nf5 41. Rc8+ Kg7 42. Rc7 g4 43. fxg4 Nd6 44. Rxe7+ Kf6 45. Rd7 f3 46. Kd2 1-0

[Event "Titled Tuesday intern op 03rd Aug"]
[Site "Chess.com INT"]
[Date "2021.08.03"]
[Round "7"]
[White "Politov, Pavel Y"]
[Black "Khnykin, Nikolay"]
[Result "1-0"]
[WhiteElo "2190"]
[BlackElo "2309"]
[PlyCount "55"]
[EventDate "2021.08.03"]
[EventType "swiss (blitz)"]
[EventRounds "11"]
[EventCountry "USA"]
[SourceTitle "CBM 203 Extra"]
[Source "ChessBase"]
[SourceDate "2021.09.30"]
[SourceVersion "1"]
[SourceVersionDate "2021.09.30"]
[SourceQuality "1"]

1. d4 f5 2. Nc3 Nf6 3. Bg5 d6 4. f3 g6 5. e4 Bg7 6. e5 dxe5 7. dxe5 Qxd1+ 8. Rxd1 Nfd7 9. Nd5 Bxe5 10. f4 Bd6 11. Bxe7 Bxe7 12. Nxc7+ Kf7 13. Nxa8 Bd8 14. Bc4+ Kg7 15. Nf3 Nc6 16. 0-0 Nc5 17. Bb5 Ne4 18. Bxc6 bxc6 19. Ne5 Be7 20. g3 h5 21. Nc7 h4 22. Kg2 hxg3 23. hxg3 Bc5 24. Nxc6 g5 25. Nd4 Kf6 26. Nd5+ Kg6 27. b4 Bd6 28. Nb5 1-0

[Event "Titled Tuesday intern op 11th May"]
[Site "Chess.com INT"]
[Date "2021.05.11"]
[Round "6"]
[White "Mogirzan, Matei Valeriu"]
[Black "Khnykin, Nikolay"]
[Result "1-0"]
[WhiteElo "1813"]
[BlackElo "2309"]
[PlyCount "81"]
[EventDate "2021.05.11"]
[EventType "swiss (blitz)"]
[EventRounds "11"]
[EventCountry "USA"]
[SourceTitle "CBM 202 Extra"]
[Source "ChessBase"]
[SourceDate "2021.07.31"]
[SourceVersion "1"]
[SourceVersionDate "2021.07.31"]
[SourceQuality "1"]

1. e4 c5 2. Nf3 e6 3. d4 cxd4 4. Nxd4 Nf6 5. Bd3 d6 6. 0-0 Be7 7. Nc3 0-0 8. Be3 Nc6 9. Kh1 a6 10. a4 Qc7 11. f4 b6 12. g4 Nxd4 13. Bxd4 e5 14. fxe5 dxe5 15. Rxf6 Bxf6 16. Nd5 Qd6 17. Be3 Rb8 18. g5 Be7 19. Qh5 Rb7 20. Rg1 Qg6 21. Qxg6 fxg6 22. Bxa6 Ra7 23. Bxc8 Rxc8 24. Bxb6 Rb7 25. a5 Bc5 26. Rc1 Bxb6 27. axb6 Kf7 28. c4 Rc5 29. b4 Rc8 30. c5 Ke6 31. b5 Rf7 32. c6 Rff8 33. c7 Kd7 34. b7 Rxc7 35. Rxc7+ Kd6 36. Rc8 Rf1+ 37. Kg2 Rb1 38. b8Q+ Ke6 39. Re8+ Kf7 40. Qxe5 Rb2+ 41. Qxb2 1-0

[Event "Titled Tuesday intern op 04th May"]
[Site "Chess.com INT"]
[Date "2021.05.04"]
[Round "4"]
[White "Alfaro Caracas, William"]
[Black "Khnykin, Nikolay"]
[Result "1-0"]
[WhiteElo "2149"]
[BlackElo "2309"]
[PlyCount "75"]
[EventDate "2021.05.04"]
[EventType "swiss (blitz)"]
[EventRounds "11"]
[EventCountry "USA"]
[SourceTitle "CBM 202 Extra"]
[Source "ChessBase"]
[SourceDate "2021.07.31"]
[SourceVersion "1"]
[SourceVersionDate "2021.07.31"]
[SourceQuality "1"]

1. e4 e6 2. d4 d5 3. Nc3 Bb4 4. e5 c5 5. a3 Bxc3+ 6. bxc3 Nc6 7. a4 Nge7 8. Ba3 cxd4 9. cxd4 0-0 10. Nf3 Re8 11. c3 Nf5 12. Bd3 Qa5 13. Qd2 Qxa4 14. g4 Nh6 15. h3 Na5 16. Bb2 Qc6 17. Rxa5 Qb6 18. Ra1 Bd7 19. Ng5 g6 20. 0-0 Qd8 21. Bc1 f6 22. exf6 Qxf6 23. Nxh7 Qg7 24. Qxh6 Qxh6 25. Bxh6 Kxh7 26. Bg5 a6 27. h4 Rac8 28. Rac1 Kg7 29. Bf4 Rf8 30. Be5+ Kh6 31. Kg2 Rf7 32. Kg3 Rcf8 33. f4 Re8 34. g5+ Kh7 35. h5 Kg8 36. hxg6 Rg7 37. Rh1 Ree7 38. Rh6 1-0

[Event "Titled Tuesday intern op 04th May"]
[Site "Chess.com INT"]
[Date "2021.05.04"]
[Round "2"]
[White "Buscar, Michael"]
[Black "Khnykin, Nikolay"]
[Result "1-0"]
[WhiteElo "2088"]
[BlackElo "2309"]
[PlyCount "53"]
[EventDate "2021.05.04"]
[EventType "swiss (blitz)"]
[EventRounds "11"]
[EventCountry "USA"]
[SourceTitle "CBM 202 Extra"]
[Source "ChessBase"]
[SourceDate "2021.07.31"]
[SourceVersion "1"]
[SourceVersionDate "2021.07.31"]
[SourceQuality "1"]

1. d4 e6 2. c4 f5 3. g3 Nf6 4. Bg2 Be7 5. Nh3 0-0 6. Nf4 d6 7. Nd2 Nbd7 8. Nxe6 Qe8 9. Nxc7 Qh5 10. Nxa8 Bd8 11. e3 Qh6 12. b3 f4 13. gxf4 Nb8 14. Ne4 Ng4 15. h3 Nf6 16. Nxf6+ Qxf6 17. Qh5 Nd7 18. Ba3 g6 19. Qd5+ Kh8 20. Qxd6 Qg7 21. Nc7 Rg8 22. Bd5 Bxc7 23. Qxc7 Re8 24. 0-0-0 Qf6 25. h4 Qa6 26. Qd6 Nb6 27. Qf6# 1-0

[Event "Titled Tuesday intern op 04th May"]
[Site "Chess.com INT"]
[Date "2021.05.04"]
[Round "3"]
[White "Khnykin, Nikolay"]
[Black "Novikova, Galina"]
[Result "0-1"]
[WhiteElo "2309"]
[BlackElo "2073"]
[PlyCount "86"]
[EventDate "2021.05.04"]
[EventType "swiss (blitz)"]
[EventRounds "11"]
[EventCountry "USA"]
[SourceTitle "CBM 202 Extra"]
[Source "ChessBase"]
[SourceDate "2021.07.31"]
[SourceVersion "1"]
[SourceVersionDate "2021.07.31"]
[SourceQuality "1"]

1. e4 e6 2. d4 d5 3. exd5 exd5 4. Nf3 Nf6 5. Bd3 Bg4 6. 0-0 Be7 7. Bf4 0-0 8. Nc3 c6 9. h3 Bh5 10. g4 Bg6 11. Ne5 Bxd3 12. Qxd3 Nbd7 13. Bg3 Nxe5 14. Bxe5 Nd7 15. f4 f6 16. Rae1 fxe5 17. dxe5 Nc5 18. Qg3 Bh4 19. Qh2 Bxe1 20. Rxe1 Qh4 21. Rf1 Ne4 22. Ne2 Qe7 23. f5 Qc5+ 24. Kh1 Qe3 25. e6 Qxe2 26. Qxe2 Ng3+ 27. Kg2 Nxe2 28. Re1 Nd4 29. e7 Rfe8 30. g5 Nxf5 31. g6 hxg6 32. h4 Rxe7 33. Rxe7 Nxe7 34. h5 gxh5 35. c4 dxc4 36. b4 c3 37. a4 c2 38. b5 c1Q 39. b6 Rd8 40. bxa7 Qc2+ 41. Kf3 Rd3+ 42. Kf4 Qc4+ 43. Kg5 Rd5# 0-1

[Event "Titled Tuesday intern op 30th Mar"]
[Site "Chess.com INT"]
[Date "2021.03.30"]
[Round "1"]
[White "Khnykin, Nikolay"]
[Black "Balaji, Aaravamudhan"]
[Result "0-1"]
[WhiteElo "2309"]
[BlackElo "2206"]
[PlyCount "88"]
[EventDate "2021.03.30"]
[EventType "swiss (blitz)"]
[EventRounds "11"]
[EventCountry "USA"]
[SourceTitle "CBM 201 Extra"]
[Source "ChessBase"]
[SourceDate "2021.05.31"]
[SourceVersion "1"]
[SourceVersionDate "2021.05.31"]
[SourceQuality "1"]

1. d4 Nf6 2. Nf3 g6 3. e3 Bg7 4. b3 0-0 5. Bb2 d5 6. Nc3 c5 7. Be2 Nc6 8. Qd2 cxd4 9. Nxd4 e5 10. Nxc6 bxc6 11. 0-0-0 d4 12. exd4 exd4 13. Qxd4 Nd5 14. Qc4 Qg5+ 15. Kb1 Ba6 16. Qxa6 Nxc3+ 17. Bxc3 Bxc3 18. Qc4 Bg7 19. Qxc6 Qe5 20. c3 Qxe2 21. Qf3 Qxf3 22. gxf3 Bxc3 23. Rc1 Bd4 24. Rhf1 Rfe8 25. Rc2 Rac8 26. Rfc1 Rxc2 27. Rxc2 Re1+ 28. Rc1 Rxc1+ 29. Kxc1 Bxf2 30. a4 Bc5 31. Kc2 Bb4 32. Kd3 a5 33. Kc4 Kg7 34. Kb5 Kf6 35. Kc4 h5 36. Kd3 Kg5 37. Ke3 f5 38. Kf2 f4 39. Kg2 Kf5 40. Kf2 g5 41. Ke2 g4 42. Kf2 h4 43. Kg2 h3+ 44. Kf2 Bc5+ 0-1

[Event "Titled Tuesday intern op 30th Mar"]
[Site "Chess.com INT"]
[Date "2021.03.30"]
[Round "2"]
[White "Khnykin, Nikolay"]
[Black "Prilleltensky, Matan"]
[Result "0-1"]
[WhiteElo "2309"]
[BlackElo "2136"]
[PlyCount "64"]
[EventDate "2021.03.30"]
[EventType "swiss (blitz)"]
[EventRounds "11"]
[EventCountry "USA"]
[SourceTitle "CBM 201 Extra"]
[Source "ChessBase"]
[SourceDate "2021.05.31"]
[SourceVersion "1"]
[SourceVersionDate "2021.05.31"]
[SourceQuality "1"]

1. e4 c5 2. Nc3 e6 3. d4 cxd4 4. Qxd4 Nc6 5. Qd2 Nf6 6. b3 Bb4 7. Bb2 Nxe4 8. Qe3 Qa5 9. Nge2 d5 10. 0-0-0 Bc5 11. Nd4 Bxd4 12. Rxd4 Nxd4 13. Qxd4 Nf6 14. Bb5+ Bd7 15. Bxd7+ Kxd7 16. Rd1 Rac8 17. f3 Rhd8 18. Kb1 Ke8 19. Na4 Qc7 20. Rc1 b5 21. Nc3 a6 22. Ne2 Kf8 23. g4 e5 24. Qxe5 Qxe5 25. Bxe5 Re8 26. f4 Ne4 27. Re1 f6 28. Bb2 Nd2+ 29. Kc1 Nf3 30. Rf1 Rxe2 31. Rxf3 Rcxc2+ 32. Kd1 Rxb2 0-1

[Event "Titled Tuesday intern op 30th Mar"]
[Site "Chess.com INT"]
[Date "2021.03.30"]
[Round "8"]
[White "Magallanes, Rey Jomar"]
[Black "Khnykin, Nikolay"]
[Result "1-0"]
[WhiteElo "2036"]
[BlackElo "2309"]
[PlyCount "45"]
[EventDate "2021.03.30"]
[EventType "swiss (blitz)"]
[EventRounds "11"]
[EventCountry "USA"]
[SourceTitle "CBM 201 Extra"]
[Source "ChessBase"]
[SourceDate "2021.05.31"]
[SourceVersion "1"]
[SourceVersionDate "2021.05.31"]
[SourceQuality "1"]

1. e4 e6 2. d4 d5 3. Nc3 Bb4 4. e5 c5 5. a3 Bxc3+ 6. bxc3 Nc6 7. f4 cxd4 8. cxd4 Nge7 9. Nf3 Nf5 10. c3 0-0 11. Bd3 Nh4 12. Nxh4 Qxh4+ 13. g3 Qh3 14. Bf1 Qh6 15. f5 g5 16. f6 Kh8 17. h4 Rg8 18. Qg4 Na5 19. Rh3 Nb3 20. hxg5 Qf8 21. Rxh7+ Kxh7 22. Qh5+ Qh6 23. Qxh6# 1-0

[Event "Titled Tuesday intern op 09th Mar"]
[Site "Chess.com INT"]
[Date "2021.03.09"]
[Round "8"]
[White "Zaichenko, Daria"]
[Black "Khnykin, Nikolay"]
[Result "1-0"]
[WhiteElo "2104"]
[BlackElo "2309"]
[PlyCount "115"]
[EventDate "2021.03.09"]
[EventType "swiss (blitz)"]
[EventRounds "11"]
[EventCountry "USA"]
[SourceTitle "CBM 201 Extra"]
[Source "ChessBase"]
[SourceDate "2021.05.31"]
[SourceVersion "1"]
[SourceVersionDate "2021.05.31"]
[SourceQuality "1"]

1. e4 e6 2. d4 d5 3. e5 c5 4. c3 Qb6 5. Nf3 Nc6 6. a3 cxd4 7. cxd4 Bd7 8. b4 Rc8 9. Bb2 Na5 10. Nbd2 Ne7 11. Rb1 Nac6 12. Bd3 Nf5 13. Nb3 Be7 14. Nc5 Bxc5 15. dxc5 Qc7 16. Bxf5 exf5 17. Qxd5 Be6 18. Qd6 Qxd6 19. exd6 0-0 20. 0-0 Bd7 21. Rfe1 Rfe8 22. Ne5 Nxe5 23. Rxe5 Rxe5 24. Bxe5 Re8 25. Bf4 f6 26. h3 Re2 27. Be3 Ra2 28. Rb3 a6 29. Bd4 Kf7 30. Re3 Be6 31. Rd3 Ke8 32. Rg3 Kf7 33. Re3 Rc2 34. Kf1 Rc1+ 35. Ke2 Rc2+ 36. Ke1 Ra2 37. Kd1 Rxf2 38. Rxe6 Rf1+ 39. Re1 Rxe1+ 40. Kxe1 Ke6 41. Ke2 Kd7 42. Kf3 h6 43. Kf4 Kc6 44. Kxf5 b6 45. Kg6 bxc5 46. Bxc5 f5 47. Kxf5 h5 48. Kg6 h4 49. Kxg7 a5 50. Kf6 Kd7 51. Ke5 Kc6 52. bxa5 Kd7 53. a6 Kc6 54. a7 Kd7 55. a4 Kc6 56. a8Q+ Kd7 57. Qb7+ Ke8 58. Qe7# 1-0

[Event "Titled Tuesday intern op 16th Feb"]
[Site "Chess.com INT"]
[Date "2021.02.16"]
[Round "4"]
[White "Chernov, Alexander A"]
[Black "Khnykin, Nikolay"]
[Result "1-0"]
[WhiteElo "2314"]
[BlackElo "2309"]
[PlyCount "63"]
[EventDate "2021.02.16"]
[EventType "swiss (blitz)"]
[EventRounds "11"]
[EventCountry "USA"]
[SourceTitle "EXT 2022"]
[Source "ChessBase"]
[SourceDate "2021.10.06"]
[SourceVersion "1"]
[SourceVersionDate "2021.10.06"]
[SourceQuality "1"]

1. e4 c5 2. Nf3 e6 3. c3 Nc6 4. d4 d5 5. exd5 exd5 6. Bb5 Nf6 7. 0-0 Be7 8. dxc5 0-0 9. b4 a5 10. Bxc6 bxc6 11. Nd4 Bb7 12. Nd2 Qc7 13. N2b3 Ne4 14. Bd2 a4 15. Nc1 Bh4 16. g3 Bf6 17. Qc2 Rfe8 18. Nce2 Ba6 19. Rfe1 Bg5 20. Bxg5 Nxg5 21. Nf4 Re4 22. Rxe4 Nxe4 23. f3 Ng5 24. h4 Ne6 25. Nfxe6 fxe6 26. Kg2 Re8 27. Re1 e5 28. Nf5 Qf7 29. Nd6 Qe6 30. Nxe8 Qxe8 31. Qd2 Bb7 32. Qd4 1-0

[Event "Titled Tuesday intern op 16th Feb"]
[Site "Chess.com INT"]
[Date "2021.02.16"]
[Round "7"]
[White "Khnykin, Nikolay"]
[Black "Grigoryan, Meri"]
[Result "0-1"]
[WhiteElo "2309"]
[BlackElo "2044"]
[PlyCount "78"]
[EventDate "2021.02.16"]
[EventType "swiss (blitz)"]
[EventRounds "11"]
[EventCountry "USA"]
[SourceTitle "EXT 2022"]
[Source "ChessBase"]
[SourceDate "2021.10.06"]
[SourceVersion "1"]
[SourceVersionDate "2021.10.06"]
[SourceQuality "1"]

1. e4 e5 2. Nf3 Nc6 3. Bc4 Nf6 4. 0-0 Be7 5. Nc3 0-0 6. d3 a6 7. Bg5 h6 8. Bxf6 Bxf6 9. Qd2 b5 10. Bb3 Ne7 11. Nd5 Nxd5 12. Bxd5 c6 13. Bb3 d5 14. exd5 cxd5 15. Rfe1 Re8 16. d4 e4 17. Ne5 Bxe5 18. dxe5 Rxe5 19. Qd4 Qd6 20. f4 Rh5 21. Rxe4 Be6 22. Re3 Rc8 23. Rg3 g6 24. Re1 Rf5 25. Rf3 Qc5 26. Qxc5 Rxc5 27. g4 Rf6 28. h3 a5 29. c3 a4 30. Bc2 d4 31. Bb1 dxc3 32. bxc3 Bd5 33. Re8+ Kg7 34. Rfe3 Rxf4 35. Rb8 Bc4 36. Kg2 Rf6 37. Ree8 Rd6 38. h4 Rd2+ 39. Kf3 Bxa2 0-1

[Event "Titled Tuesday intern op 09th Feb"]
[Site "Chess.com INT"]
[Date "2021.02.09"]
[Round "5"]
[White "Bures, Vit"]
[Black "Khnykin, Nikolay"]
[Result "1-0"]
[WhiteElo "2119"]
[BlackElo "2309"]
[PlyCount "65"]
[EventDate "2021.02.09"]
[EventType "swiss (blitz)"]
[EventRounds "11"]
[EventCountry "USA"]
[SourceTitle "EXT 2022"]
[Source "ChessBase"]
[SourceDate "2021.10.06"]
[SourceVersion "1"]
[SourceVersionDate "2021.10.06"]
[SourceQuality "1"]

1. d4 Nf6 2. c4 c5 3. d5 b5 4. cxb5 a6 5. bxa6 Bxa6 6. Nc3 e6 7. Nf3 d6 8. e4 Bxf1 9. Kxf1 Be7 10. g3 0-0 11. Kg2 exd5 12. exd5 Qd7 13. Re1 Re8 14. h3 Na6 15. a3 Bf8 16. Bg5 Rxe1 17. Qxe1 Re8 18. Qd2 Ne4 19. Nxe4 Rxe4 20. Qd3 Ra4 21. b3 Ra5 22. Bd2 Nb4 23. Qc3 Qa7 24. a4 Ra6 25. Qc4 Qb7 26. Bxb4 cxb4 27. Rc1 Ra5 28. Qc6 Qe7 29. Re1 Qf6 30. Re8 g6 31. Qc8 Qg7 32. Qc6 Rc5 33. Qxd6 1-0

[Event "Titled Tuesday intern op 09th Feb"]
[Site "Chess.com INT"]
[Date "2021.02.09"]
[Round "10"]
[White "Hernandez Jimenez, Alexander Andres"]
[Black "Khnykin, Nikolay"]
[Result "0-1"]
[WhiteElo "2132"]
[BlackElo "2309"]
[PlyCount "56"]
[EventDate "2021.02.09"]
[EventType "swiss (blitz)"]
[EventRounds "11"]
[EventCountry "USA"]
[SourceTitle "EXT 2022"]
[Source "ChessBase"]
[SourceDate "2021.10.06"]
[SourceVersion "1"]
[SourceVersionDate "2021.10.06"]
[SourceQuality "1"]

1. e4 e6 2. d4 d5 3. Nd2 c5 4. Ngf3 Nc6 5. exd5 exd5 6. Be2 Nf6 7. 0-0 Bd6 8. dxc5 Bxc5 9. Nb3 Bb6 10. c3 0-0 11. Nbd4 Bg4 12. h3 Bh5 13. Bg5 Re8 14. Re1 Nxd4 15. Nxd4 Bxe2 16. Rxe2 Qd6 17. Bxf6 Qxf6 18. Nf3 h6 19. Rxe8+ Rxe8 20. Qxd5 Re2 21. Qxb7 Rxf2 22. Kh1 Qg6 23. Ne5 Qg3 24. Qa8+ Kh7 25. Qe4+ f5 26. Qd5 Bc7 27. Re1 Bxe5 28. Qxe5 Rf1+ 0-1

[Event "Titled Tuesday intern op 09th Feb"]
[Site "Chess.com INT"]
[Date "2021.02.09"]
[Round "4"]
[White "Khnykin, Nikolay"]
[Black "Obregon Garcia, Roxangel"]
[Result "0-1"]
[WhiteElo "2309"]
[BlackElo "2167"]
[PlyCount "60"]
[EventDate "2021.02.09"]
[EventType "swiss (blitz)"]
[EventRounds "11"]
[EventCountry "USA"]
[SourceTitle "EXT 2022"]
[Source "ChessBase"]
[SourceDate "2021.10.06"]
[SourceVersion "1"]
[SourceVersionDate "2021.10.06"]
[SourceQuality "1"]

1. d4 d5 2. Nc3 Nf6 3. Bf4 c5 4. e3 e6 5. Nf3 Bd6 6. Bxd6 Qxd6 7. Nb5 Qe7 8. Nc3 0-0 9. Be2 Nc6 10. 0-0 Rd8 11. Na4 b6 12. Bb5 Bb7 13. Qe2 Ne4 14. Bd3 f5 15. Bxe4 fxe4 16. Nd2 cxd4 17. exd4 Nxd4 18. Qd1 Rac8 19. c3 Nf5 20. b3 b5 21. Nb2 Rxc3 22. Rc1 d4 23. Nb1 Rxc1 24. Qxc1 e3 25. fxe3 Qg5 26. Rf2 dxe3 27. Re2 Nd4 28. Qf1 Nxe2+ 29. Qxe2 Be4 30. Nc3 Rd2 0-1

[Event "Titled Tuesday intern op 02nd Feb"]
[Site "Chess.com INT"]
[Date "2021.02.02"]
[Round "3"]
[White "Abdisalimov, Abdimalik"]
[Black "Khnykin, Nikolay"]
[Result "1-0"]
[WhiteElo "2392"]
[BlackElo "2309"]
[PlyCount "73"]
[EventDate "2021.02.02"]
[EventType "swiss (blitz)"]
[EventRounds "11"]
[EventCountry "USA"]
[SourceTitle "CBM 200 Extra"]
[Source "ChessBase"]
[SourceDate "2021.03.31"]
[SourceVersion "1"]
[SourceVersionDate "2021.03.31"]
[SourceQuality "1"]

1. d4 Nf6 2. c4 c5 3. d5 b5 4. cxb5 a6 5. bxa6 Bxa6 6. Nc3 e6 7. dxe6 fxe6 8. e4 Bxf1 9. Kxf1 d6 10. Nf3 Be7 11. g3 0-0 12. Kg2 Nc6 13. Qb3 Qd7 14. Ng5 Nd4 15. Qc4 Ng4 16. Rf1 h6 17. Nh3 Nc2 18. Rb1 Rf7 19. Qd3 Nd4 20. Be3 Rf3 21. Ng1 Rf7 22. Bxd4 cxd4 23. Qxd4 Raf8 24. f3 Ne5 25. Rbd1 Nc6 26. Qd2 Rd8 27. f4 Rdf8 28. Nf3 Qa7 29. Nb5 Qb6 30. Nxd6 Rd8 31. e5 Bxd6 32. exd6 Rfd7 33. Rf2 Rxd6 34. Qxd6 Rxd6 35. Rxd6 Qc7 36. Rxe6 Qd7 37. Rfe2 1-0

[Event "Titled Tuesday intern op 26th Jan"]
[Site "Chess.com INT"]
[Date "2021.01.26"]
[Round "10"]
[White "Khnykin, Nikolay"]
[Black "Mayaud, Raphael"]
[Result "1-0"]
[WhiteElo "2309"]
[BlackElo "2202"]
[PlyCount "83"]
[EventDate "2021.01.26"]
[EventType "swiss (blitz)"]
[EventRounds "11"]
[EventCountry "USA"]
[SourceTitle "CBM 200 Extra"]
[Source "ChessBase"]
[SourceDate "2021.03.31"]
[SourceVersion "1"]
[SourceVersionDate "2021.03.31"]
[SourceQuality "1"]

1. e4 d5 2. exd5 Qxd5 3. Nc3 Qa5 4. d4 c6 5. Bc4 Nf6 6. Nf3 Bf5 7. Bd2 e6 8. Nd5 Qd8 9. Nxf6+ gxf6 10. Bc3 Nd7 11. Qe2 Qc7 12. 0-0-0 0-0-0 13. Rhe1 Bd6 14. h3 Kb8 15. Bb3 Rhe8 16. Qd2 Bf4 17. Re3 Nb6 18. Ba5 c5 19. Qc3 cxd4 20. Qxc7+ Kxc7 21. Nxd4 Bxe3+ 22. fxe3 Kc8 23. g4 Be4 24. Rf1 f5 25. gxf5 Bxf5 26. Nxf5 exf5 27. Bxf7 Rxe3 28. Rxf5 Rxh3 29. Be6+ Kb8 30. b3 Re3 31. Bxb6 axb6 32. Bc4 Rh3 33. Kb2 Kc7 34. Bd3 Rd7 35. Rf8 Rh2 36. Rh8 h5 37. Kc3 h4 38. Rh5 Re7 39. Bf5 Re5 40. Rh7+ Kd6 41. Rd7+ Kc6 42. Rf7 1-0

[Event "Titled Tuesday intern op 26th Jan"]
[Site "Chess.com INT"]
[Date "2021.01.26"]
[Round "6"]
[White "Khnykin, Nikolay"]
[Black "Mazibuko, Khanya"]
[Result "1-0"]
[WhiteElo "2309"]
[BlackElo "1978"]
[PlyCount "67"]
[EventDate "2021.01.26"]
[EventType "swiss (blitz)"]
[EventRounds "11"]
[EventCountry "USA"]
[SourceTitle "CBM 200 Extra"]
[Source "ChessBase"]
[SourceDate "2021.03.31"]
[SourceVersion "1"]
[SourceVersionDate "2021.03.31"]
[SourceQuality "1"]

1. e4 e5 2. Nf3 Nc6 3. Bc4 Bc5 4. b4 Bxb4 5. c3 Ba5 6. d4 d6 7. 0-0 Bb6 8. Ba3 Nf6 9. Re1 Bg4 10. d5 Nb8 11. Qd3 Bxf3 12. Qxf3 0-0 13. Nd2 Nbd7 14. Nf1 Re8 15. Ng3 Nf8 16. Nf5 Ng6 17. Bb5 Rf8 18. h4 Nf4 19. g3 Ng6 20. h5 Ne7 21. h6 Nxf5 22. Qxf5 g6 23. Qf3 a6 24. Bd3 Nd7 25. Kg2 Bc5 26. Bc1 f5 27. exf5 Qf6 28. Qg4 Kh8 29. Bg5 Qf7 30. fxg6 Qxd5+ 31. Be4 Rxf2+ 32. Kh3 Qc4 33. Qxd7 Qxc3 34. Qxh7# 1-0

[Event "Titled Tuesday intern op 26th Jan"]
[Site "Chess.com INT"]
[Date "2021.01.26"]
[Round "4"]
[White "Khnykin, Nikolay"]
[Black "Xie, Bryan"]
[Result "0-1"]
[WhiteElo "2309"]
[BlackElo "2050"]
[PlyCount "62"]
[EventDate "2021.01.26"]
[EventType "swiss (blitz)"]
[EventRounds "11"]
[EventCountry "USA"]
[SourceTitle "CBM 200 Extra"]
[Source "ChessBase"]
[SourceDate "2021.03.31"]
[SourceVersion "1"]
[SourceVersionDate "2021.03.31"]
[SourceQuality "1"]

1. d4 Nf6 2. Nc3 g6 3. Bf4 d6 4. e4 Bg7 5. Nf3 0-0 6. Be2 c6 7. Qd2 b5 8. 0-0-0 b4 9. Nb1 Nxe4 10. Qe3 d5 11. Bd3 Nd6 12. Bxd6 Qxd6 13. h4 Bg4 14. h5 Nd7 15. Rdg1 Nf6 16. Ne5 Be6 17. hxg6 hxg6 18. g3 Rfc8 19. Rh2 c5 20. Rgh1 cxd4 21. Qxd4 Qc5 22. Qxc5 Rxc5 23. Nd2 Ng4 24. Nxg4 Bxg4 25. Rh4 Be6 26. Rxb4 Rac8 27. Rb7 Bf5 28. Bxf5 gxf5 29. c3 d4 30. c4 e5 31. b3 e4 0-1

[Event "Titled Tuesday intern op 26th Jan"]
[Site "Chess.com INT"]
[Date "2021.01.26"]
[Round "5"]
[White "Picard, Romain"]
[Black "Khnykin, Nikolay"]
[Result "1-0"]
[WhiteElo "2296"]
[BlackElo "2309"]
[PlyCount "57"]
[EventDate "2021.01.26"]
[EventType "swiss (blitz)"]
[EventRounds "11"]
[EventCountry "USA"]
[SourceTitle "CBM 200 Extra"]
[Source "ChessBase"]
[SourceDate "2021.03.31"]
[SourceVersion "1"]
[SourceVersionDate "2021.03.31"]
[SourceQuality "1"]

1. e4 c5 2. Nf3 e6 3. d4 cxd4 4. Nxd4 Nf6 5. Nc3 d6 6. Be2 Be7 7. 0-0 0-0 8. f4 Nc6 9. Be3 Bd7 10. Nb3 a6 11. a4 Qc7 12. Kh1 Rfd8 13. a5 Re8 14. Bf3 Rac8 15. g4 Rf8 16. g5 Ne8 17. Bg2 e5 18. f5 Bd8 19. Rf3 Nd4 20. Nxd4 exd4 21. Qxd4 Bc6 22. Rh3 Qe7 23. Qd1 Qe5 24. Qh5 h6 25. gxh6 gxh6 26. Qxh6 Qg7 27. Rg3 Qxg3 28. hxg3 Ng7 29. Bd4 1-0